Random Music Genres - Statistics

General Stats
  • This quiz has been taken 6 times
  • The average score is 2 of 6
Answer Stats
Hint Guessing difficulty Answer % Correct
Extremely fast, abrasive, and technically demanding, usually faster and more aggressive than traditional heavy metal Very easy Speed metal
83%
Emulates the attitudes and music of grunge, particularly its thick, distorted guitars, but with a less intense and less abrasive tone Easy Post-grunge
67%
Combines rock music with the intricate use of strings, horns, piano, and vocal harmonies, and other components drawn from the orchestral and lounge pop of the 1960s, with an emphasis on melody and texture Medium Chamber pop
17%
Defined by its rich vocal harmonies, amplified (generally Fender brand) electric guitars, and youth-oriented lyrics mostly about cars and girls Easy Hot rod rock
17%
Musically reflective of slacker culture, employing less emphasis on technical proficiency and production quality, in favor of stripped down lo-fi aesthetics and an apathetic singing style Very hard Slacker rock
17%
Syncopated rhythmic patterns, prominent basslines, and a dark tone Medium Dubstep
0%
No matching quizzes found
Score Distribution
Percent of People with Each Score
Percentile by Number Answered
Your Score History
You have not taken this quiz